| 000 | 00598nam a22001937a 4500 | ||
|---|---|---|---|
| 005 | 20130905110321.0 | ||
| 010 | _aENG-107573 | ||
| 020 |
_a9780415662147 _c995.00 |
||
| 035 | _aEN-91106 | ||
| 037 | _bDBAD/PUB | ||
| 245 |
_aWomen, land and power in Asia / _cedited by Govind Kelkar [and] Maithreyi Krishnaraj |
||
| 260 |
_aNew Delhi _bRoutledge _c2013 |
||
| 270 |
_a912, Tolstoy House, 15-17 Tolstoy Marg, Connaught Place _bNew Delhi _e110001 |
||
| 300 |
_axx,388p. _c23cm(Hb) |
||
| 500 | _aIncludes index | ||
| 700 | _dKelkar, Govind | ||
| 700 | _dKrishnaraj, Maithreyi | ||
| 942 |
_2ddc _cEN _mWOM |
||
| 999 |
_c76525 _d76525 |
||